Rent reviews for farm business tenancies (Record no. 108040)

MARC details
000 -LEADER
fixed length control field 00378cam a22001575a 4500
001 - CONTROL NUMBER
control field L142987
008 - FIXED-LENGTH DATA ELEMENTS--GENERAL INFORMATION
fixed length control field 080331s2008 xxk f 000 0 eng d
020 ## - INTERNATIONAL STANDARD BOOK NUMBER
International Standard Book Number 9781901434361
035 ## - SYSTEM CONTROL NUMBER
System control number (Sirsi) u142987
041 0# - LANGUAGE CODE
Language code of text/sound track or separate title eng
100 1# - MAIN ENTRY--PERSONAL NAME
Personal name Moody, Jeremy
245 00 - TITLE STATEMENT
Title Rent reviews for farm business tenancies
260 ## - PUBLICATION, DISTRIBUTION, ETC.
Place of publication, distribution, etc. CAAV
Date of publication, distribution, etc. 2008
651 #4 - SUBJECT ADDED ENTRY--GEOGRAPHIC NAME
Geographic name ENGLAND AND WALES
942 ## - ADDED ENTRY ELEMENTS (KOHA)
Suppress in OPAC 0

No items available.